Lorsque le corps devient oeuvre ultime (notice n° 1866181)
[ vue normale ]
| 000 -LEADER | |
|---|---|
| fixed length control field | 01368cam a2200157 4500500 |
| 005 - DATE AND TIME OF LATEST TRANSACTION | |
| control field | 20260329011923.0 |
| 041 ## - LANGUAGE CODE | |
| Language code of text/sound track or separate title | fre |
| 042 ## - AUTHENTICATION CODE | |
| Authentication code | dc |
| 100 10 - MAIN ENTRY--PERSONAL NAME | |
| Personal name | Bourgeois, Didier |
| Relator term | author |
| 245 00 - TITLE STATEMENT | |
| Title | Lorsque le corps devient oeuvre ultime |
| 260 ## - PUBLICATION, DISTRIBUTION, ETC. | |
| Date of publication, distribution, etc. | 2009.<br/> |
| 500 ## - GENERAL NOTE | |
| General note | 42 |
| 520 ## - SUMMARY, ETC. | |
| Summary, etc. | L’observance thérapeutique est un objectif essentiel dans la prise en charge des patients atteints de schizophrénie. Elle dépend de plusieurs paramètres. Dans le but de relever des facteurs prédictifs de mauvaise observance, nous avons mené une étude transversale comparant deux groupes de patients schizophrènes suivis en ambulatoire, distincts par la qualité de leur observance thérapeutique. Il ressort de notre travail un taux de mauvaise observance de 54.1 % parmi les 61 patients colligés, et une corrélation positive entre le soutien familial, l’insight (échelle Q8), la perception subjective du traitement (DAI 10) et l’observance thérapeutique. Nos résultats confortent les données de la littérature. L’identification des facteurs de risque de mauvaise observance thérapeutique est d’une importance capitale, il en va de la prévention et du pronostic de la maladie. |
| 786 0# - DATA SOURCE ENTRY | |
| Note | Psy Cause | 55 | 3 | 2009-01-07 | p. 10-15 | 1245-2394 |
| 856 41 - ELECTRONIC LOCATION AND ACCESS | |
| Uniform Resource Identifier | <a href="https://shs.cairn.info/revue-psy-cause-2009-3-page-10?lang=fr&redirect-ssocas=7080">https://shs.cairn.info/revue-psy-cause-2009-3-page-10?lang=fr&redirect-ssocas=7080</a> |
Pas d'exemplaire disponible.




Réseaux sociaux